000 00373 a2200145 4500
001 63704
082 _a621.3815 FRA
090 _c37695
_d37695
100 _aFranco Sergio
245 _aDesign with Operational Amplifiers & Analog Integrated Circuits
250 _a1
260 _aNY
_bMcGraw Hill
_c1988
300 _axvi, 636p. photocopy
500 _aMS textbook
942 _aNUST-CAE
_k621.3815 FRA
999 _c298777
_d298777